000 00779nam a22002297a 4500
999 _c525468
_d525468
003 NUST
005 20190702084138.0
008 190702b ||||| |||| 00| 0 eng d
038 _aIESE
040 _c0
050 _a363.7 NOS
082 _a363.7 NOS
100 _aMussarat Nosheen
_916363
245 _aObservation of seasonal variation and chemical analysis of PM10
_cMussarat Nosheen
260 _aIslamabad
_bIESE (SCEE) NUST
_c2018
300 _a93p.
_bH.B
440 _aMS Environmental Science
_91724
500 _aThesis MS ES
650 _aEnvironmental Science
_91725
700 _4 Dr. M Fahim Khokhar (Supervisor)
942 _2ddc
_cTHE
_kIESE